Текст томруулах:    
Administered protection in America (Бичлэгийн дугаар. 146148)
000 -УДИРДЛАГА
Удирдлага 00759nam a22002777a 4500
003 - ХЯНАЛТЫН ТОО ТОДОРХОЙЛОГЧ
Код MN-UlNUM
005 - БИЧИЛТ ХИЙСЭН ОГНОО
Тухайн бичилтийг бичсэн засварласан сүүлийн огноо 20260109170827.0
008 - ЕРӨНХИЙ МЭДЭЭЛЭЛ
Ерөнхий мэдээлэл 260109s1987 enk|b||| |||| 001 0 eng |
020 ## - ISBN
ISBN 0709942869
040 ## - БИЧЛЭГ ҮҮСГЭГЧ БАЙГУУЛЛАГА
Бичлэг үүсгэгч номын сангийн код МУИС-ийн номын сан
084 ## - ББК АНГИЛАЛ
Нэмэлт тусгалт Бусад
ББК ангилал 65.428
Зохиогчийн гурван тэмдэгт R 88
Мэдлэгийн ялгаа 65 - Эдийн засаг
100 1# - ЗОХИОГЧ
Зохиогчийн нэр Rugman, Alan M.
245 10 - ҮНДСЭН ГАРЧИГ
Номын нэр Administered protection in America
Оролцогчдын тухай мэдээ Alan M. Rugman and Andrew D.M. Anderson.
260 ## - ГАРАЛТЫН МЭДЭЭ
Хэвлэгдсэн газар New York :
Хэвлэлийн газар Croom Helm,
Хэвлэгдсэн он 1987.
300 ## - МАТЕРИАЛЫН ТОДОРХОЙЛОЛТ
хуудасны тоо xi, 148 p. ;
Хэмжээ 23 cm.
500 ## - Тайлбар
Дансны дугаар БС 4929
546 ## - ХЭЛНИЙ ТУХАЙ МЭДЭЭ
Хэл Англи хэл дээр,
653 ## - Түлхүүр үг
Түлхүүр үг tariff
653 ## - Түлхүүр үг
Түлхүүр үг united States.
653 ## - Түлхүүр үг
Түлхүүр үг protectionism
653 ## - Түлхүүр үг
Түлхүүр үг foreign economic relations
700 1# - ХАМ ЗОХИОГЧИД
Ба бус Anderson, Andrew D. M.
942 ## - ЭЛЕМЕНТИЙН ТӨРӨЛ
Зүйлийн төрөл Ном